Turecko na ceste do Európskej únie

Napriek tomu, že existuje ešte rad vnútorných problémov, medzi ktoré patrí aj kontroverzný vzťah k etnickým menšinám žijúcim na tureckom území, ako aj dodržiavanie ľudských práv a niektoré ďalšie, predstavuje Turecko modernú krajinu, s rýchlo sa rozvíjajúcou ekonomikou. Predstavitelia krajiny dosiah...

ver descrição completa

Na minha lista:
Detalhes bibliográficos
Autor principal: Bláhová, Mária
Formato: Capítulo de Livro
Idioma:eslovaco
Assuntos:
Tags: Adicionar Tag
Sem tags, seja o primeiro a adicionar uma tag!

MARC

LEADER 00000nla a2200000 4500
001 0159617
005 20240502072751.3
041 0 |a slo 
044 |a SK 
245 1 0 |a Turecko na ceste do Európskej únie  |c Mária Bláhová 
520 |a Napriek tomu, že existuje ešte rad vnútorných problémov, medzi ktoré patrí aj kontroverzný vzťah k etnickým menšinám žijúcim na tureckom území, ako aj dodržiavanie ľudských práv a niektoré ďalšie, predstavuje Turecko modernú krajinu, s rýchlo sa rozvíjajúcou ekonomikou. Predstavitelia krajiny dosiahli nemalé úspechy aj v diplomatickej oblasti na medzinárodnej scéne. Napriek tomu, cesta Turecka do Európskej únie je stále plná prekážok a termín jej vstupu do EÚ je zatiaľ stále v nedohľadne. 
610 2 0 |a Turecko 
610 2 0 |a vývoj hospodársky 
610 2 0 |a Európska únia 
100 1 |a Bláhová, Mária